The commuter (Record no. 232177)
[ view plain ]
| 000 -LEADER | |
|---|---|
| fixed length control field | 02367ngm a2200625Mi 4500 |
| 001 - CONTROL NUMBER | |
| control field | on1031457198 |
| 003 - CONTROL NUMBER IDENTIFIER | |
| control field | OCoLC |
| 005 - DATE AND TIME OF LATEST TRANSACTION | |
| control field | 20180418082701.0 |
| 007 - PHYSICAL DESCRIPTION FIXED FIELD--GENERAL INFORMATION | |
| fixed length control field | vd cvaizq |
| 008 - FIXED-LENGTH DATA ELEMENTS--GENERAL INFORMATION | |
| fixed length control field | 180305s2018 cau105 vleng d |
| 040 ## - CATALOGING SOURCE | |
| Original cataloging agency | KCK |
| Language of cataloging | eng |
| Description conventions | rda |
| Transcribing agency | KCK |
| Modifying agency | UINTA |
| 020 ## - INTERNATIONAL STANDARD BOOK NUMBER | |
| International Standard Book Number | 9786317203150 |
| 020 ## - INTERNATIONAL STANDARD BOOK NUMBER | |
| International Standard Book Number | 6317203156 |
| 024 1# - OTHER STANDARD IDENTIFIER | |
| Standard number or code | 031398285342 |
| 028 42 - PUBLISHER NUMBER | |
| Publisher number | 54152 |
| Source | Lionsgate |
| 035 ## - SYSTEM CONTROL NUMBER | |
| System control number | (OCoLC)1031457198 |
| 037 ## - SOURCE OF ACQUISITION | |
| Source of stock number/acquisition | Midwest Tape |
| Note | http://www.midwesttapes.com |
| 041 1# - LANGUAGE CODE | |
| Language code of text/sound track or separate title | eng |
| -- | fre |
| -- | spa |
| -- | eng |
| -- | spa |
| Language code of original and/or intermediate translations of text | eng |
| 050 #4 - LIBRARY OF CONGRESS CALL NUMBER | |
| Classification number | PN1997.2 |
| Item number | .C66 2018 |
| 082 04 - DEWEY DECIMAL CLASSIFICATION NUMBER | |
| Classification number | 791.43/72 |
| Edition number | 23 |
| 049 ## - LOCAL HOLDINGS (OCLC) | |
| Holding library | UCLB |
| 245 04 - TITLE STATEMENT | |
| Title | The commuter |
| Medium | [videorecording] / |
| Statement of responsibility, etc | producers, Andrew Rona, Alex Heineman ; writers, Byron Willinger, Philip de Blasi, Ryan Engle ; director, Jaume Collet-Serra. |
| 250 ## - EDITION STATEMENT | |
| Edition statement | [English/French/Spanish version]. |
| 264 #1 - Production, Publication, Distribution, Manufacture, and Copyright Notice. | |
| Place of production, publication, distribution, manufacture | Santa Monica, CA : |
| Name of producer, publisher, distributor, manufacturer | Lionsgate, |
| Date of production, publication, distribution, manufacture, or copyr | [2018] |
| 300 ## - PHYSICAL DESCRIPTION | |
| Extent | 1 videodisc (105 min.) : |
| Other physical details | sound, color ; |
| Dimensions | 4 3/4 in. |
| 336 ## - Content Type | |
| Content type term | two-dimensional moving image |
| 337 ## - Media type | |
| Media type term | video |
| 338 ## - Carrier type | |
| Carrier type term | videodisc |
| 344 ## - | |
| -- | digital |
| -- | optical |
| -- | surround |
| -- | 5.1 Dolby digital |
| -- | rda |
| 347 ## - | |
| -- | video file |
| -- | DVD video |
| -- | rda |
| 380 ## - | |
| -- | Motion picture |
| 538 ## - SYSTEM DETAILS NOTE | |
| System details note | DVD, wide screen; 5.1 Dolby digital. |
| 546 ## - LANGUAGE NOTE | |
| Language note | English, French or Spanish dialogue; English or Spanish subtitles; subtitled for the deaf and hard of hearing (SDH), described video. |
| 500 ## - GENERAL NOTE | |
| General note | Title from web page. |
| 511 1# - PARTICIPANT OR PERFORMER NOTE | |
| Participant or performer note | Liam Neeson, Vera Farmiga, Patrick Wilson, Jonathan Banks, Sam Neill. |
| 500 ## - GENERAL NOTE | |
| General note | Originally released as a motion picture in 2018. |
| 500 ## - GENERAL NOTE | |
| General note | Wide screen. |
| 521 8# - TARGET AUDIENCE NOTE | |
| Target audience note | Rating: PG-13; for some intense action/violence, and language |
| -- | CHV ratings: 14A. |
| 520 ## - SUMMARY, ETC. | |
| Summary, etc | A businessman is caught up in a criminal conspiracy during his daily commute home. |
| 650 #0 - SUBJECT ADDED ENTRY--TOPICAL TERM | |
| Topical term or geographic name as entry element | Commuters |
| Form subdivision | Drama. |
| 650 #0 - SUBJECT ADDED ENTRY--TOPICAL TERM | |
| Topical term or geographic name as entry element | Conspiracies |
| Form subdivision | Drama. |
| 650 #0 - SUBJECT ADDED ENTRY--TOPICAL TERM | |
| Topical term or geographic name as entry element | Crime |
| Form subdivision | Drama. |
| 700 1# - ADDED ENTRY--PERSONAL NAME | |
| Personal name | Collet-Serra, Jaume, |
| Dates associated with a name | 1974- |
| 700 1# - ADDED ENTRY--PERSONAL NAME | |
| Personal name | Wilson, Patrick, |
| Dates associated with a name | 1973- |
| 700 1# - ADDED ENTRY--PERSONAL NAME | |
| Personal name | Rona, Andrew. |
| 700 1# - ADDED ENTRY--PERSONAL NAME | |
| Personal name | Heineman, Alex. |
| 700 1# - ADDED ENTRY--PERSONAL NAME | |
| Personal name | Willinger, Byron. |
| 700 1# - ADDED ENTRY--PERSONAL NAME | |
| Personal name | Blasi, Philip de. |
| 700 1# - ADDED ENTRY--PERSONAL NAME | |
| Personal name | Engle, Ryan. |
| 700 1# - ADDED ENTRY--PERSONAL NAME | |
| Personal name | Neeson, Liam. |
| 700 1# - ADDED ENTRY--PERSONAL NAME | |
| Personal name | Farmiga, Vera. |
| 710 2# - ADDED ENTRY--CORPORATE NAME | |
| Corporate name or jurisdiction name as entry element | Videoville Showtime. |
| 730 02 - ADDED ENTRY--UNIFORM TITLE | |
| -- | Container of (work) : |
| Uniform title | Commuter (Motion picture) |
| 994 ## - | |
| -- | C0 |
| -- | UINTA |
| Withdrawn status | Lost status | Source of classification or shelving scheme | Damaged status | Not for loan | Collection code | Home library | Current library | Shelving location | Date acquired | Source of acquisition | Total Checkouts | Total Renewals | Full call number | Barcode | Date last seen | Date checked out | Cost, replacement price | Price effective from | Koha item type |
|---|---|---|---|---|---|---|---|---|---|---|---|---|---|---|---|---|---|---|---|
| Dewey Decimal Classification | Movies | Wasatch County Library | Wasatch County Library | Audio Visual Area | 06/22/2021 | Amazon | 17 | 16 | DVD Com | 34301001817560 | 12/05/2025 | 11/17/2025 | 3.74 | 06/22/2021 | DVD |
